[Event "27th Keres Memorial 2018"]
[Site "Tallinn"]
[Date "2018.01.13"]
[Round "7"]
[White "Stupak, Kirill"]
[Black "Rogule, Laura"]
[Result "1-0"]
[WhiteElo "2527"]
[BlackElo "2314"]
[Annotator "TA"]
[PlyCount "103"]
[EventDate "2018.??.??"]
[EventType "swiss"]
[EventCountry "EST"]
[SourceTitle "playchess.com"]
[Source "ChessBase"]
[SourceQuality "1"]

{[%evp 17,103,-13,-12,-59,-63,-50,-34,-63,-55,-68,-66,-62,-44,-65,-64,-58,-67,-66,-58,-89,-69,-106,-51,-43,-29,-35,-36,-95,-97,-104,-71,-75,-71,-97,-109,-112,-108,-127,-106,-110,0,-116,0,-105,0,-152,-35,-38,100,100,100,100,186,62,131,125,253,170,1102,1103,1096,937,1196,1129,1167,1078,1070,1063,1049,1050,1049,1052,1031,1013,29980,29976,29995,29994,29994,29995,29995,29996,29996,29997,29997,29998,29998,29999]} 1. d4 Nf6 2. c4 e6 3. g3 d5 4. Bg2 dxc4 5. Nf3 Nc6 6. O-O Rb8 7. Nc3 a6 8. e4 Be7 9. Bf4 {E04: Open Catalan: 5 Nf3} O-O {LiveBook: 7 Games} 10. Qd2 $146 ({Predecessor:} 10. a3 b5 11. d5 exd5 12. exd5 Na5 13. Nd4 Bd6 14. Qd2 Rb6 15. Rfe1 Bxf4 16. Qxf4 Qd6 17. Qxd6 Rxd6 {0-1 (34) Sorbera,G (2207)-Nabaty,T (2610) Forni di Sopra 2016}) 10... b5 11. Rfe1 {Black is slightly better.} Nb4 {Hoping for ...Nd3.} 12. Ne5 Nd7 13. Nxd7 $1 Qxd7 14. Bf1 Bb7 15. Rad1 Rbd8 16. a3 {[#]} Nd3 $1 {[%mdl 512]} 17. Bxd3 cxd3 18. Be3 f5 19. Qxd3 {[#]} c5 $1 {[%mdl 512]} 20. Qe2 $15 (20. dxc5 Qxd3) 20... cxd4 21. Rxd4 Qc6 22. Red1 (22. Rxd8 $15 Rxd8 23. Rc1) 22... Rxd4 $17 23. Bxd4 fxe4 {aiming for ...e3!} (23... Rd8 {seems wilder.} 24. Rd2 fxe4 25. Be3 Rd3 26. Rc2 Qd7) 24. Be3 Bf6 25. Na2 Rc8 26. Nb4 Qc7 27. Rc1 Qd7 28. Rd1 Qc7 29. Rc1 Qd7 30. Rd1 $1 {[%cal Rd1d7]} Qc7 ({Black should play} 30... Qf7 $17) 31. Bf4 $2 ({Only move:} 31. Rc1 $11 Qb8 32. Rd1) 31... Be5 (31... Qc4 $17 32. Qe3 a5) 32. Rc1 $15 Qxc1+ (32... Qd6 $1 $15 {keeps the upper hand.} 33. Rd1 Bd5 34. Bxe5 Qxe5) 33. Bxc1 $16 Rxc1+ 34. Kg2 {Qh5 is the strong threat.} Bd4 {[#]} (34... h6 $16) 35. Kh3 (35. Qg4 $1 $18 {[%cal Rg4e6]} e3+ 36. f3 Rg1+ 37. Kh3) 35... e5 {[#]} (35... Rc8 $14) 36. Nc2 $1 {And now Qd2 would win.} Bxb2 (36... Bc8+ $16 {is a better defense.} 37. Kg2 Bb7) 37. Qd2 {Threatens to win with Qd8+.} Rh1 $2 (37... Bc8+ 38. Kg2 Be6) 38. Qd8+ $18 Kf7 39. Qd7+ Kg6 40. Qxb7 Rc1 41. Qxe4+ Kf6 42. Qc6+ Ke7 43. Qb7+ Kf8 44. Ne3 Bxa3 45. Qxa6 b4 46. Nd5 {White mates.} Rd1 47. Qd6+ Kf7 48. Qe7+ Kg6 49. Qe6+ Kg5 50. f4+ exf4 51. gxf4+ Kh5 52. Qg4+ {Precision: White = 56%, Black = 40%.} 1-0

[Event "27th Keres Memorial 2018"]
[Site "Tallinn"]
[Date "2018.01.13"]
[Round "7"]
[White "Ladva, Ottomar"]
[Black "Alekseev, Evgeny"]
[Result "0-1"]
[WhiteElo "2452"]
[BlackElo "2697"]
[Annotator "TA"]
[PlyCount "120"]
[EventDate "2018.??.??"]
[EventType "swiss"]
[EventCountry "EST"]
[SourceTitle "playchess.com"]
[Source "ChessBase"]
[SourceQuality "1"]

{[%evp 13,120,38,36,37,48,19,5,0,24,-1,16,-17,-28,-42,0,-62,-56,-78,-54,-45,-10,-87,-72,-72,-27,-75,-88,-133,-138,-166,-168,-159,-151,-207,-210,-349,-206,-188,-162,-174,-167,-168,-162,-165,-157,-175,-150,-143,-146,-163,-158,-183,-166,-164,-162,-164,-157,-156,-157,-177,-158,-185,-183,-250,-172,-287,-135,-281,-283,-270,-236,-381,-383,-345,-369,-326,-308,-571,-572,-576,-574,-543,-450,-447,-431,-543,-522,-537,-475,-537,-500,-1037,-1438,-1354,-1532,-2685,-2137,-2112,-1841,-5181,-1357,-1351,-1316,-1142,-1127,-1103,-1041,-5165,-992]} 1. d4 Nf6 2. Nf3 e6 3. g3 c5 4. Bg2 cxd4 5. Nxd4 a6 6. O-O Qc7 7. e4 Nc6 8. Be3 {A46: 1 d4 Nf6 2 Nf3 e6: Torre, London and Colle Systems} (8. c4 Be7 9. Nc3 O-O 10. Be3 Nxd4 11. Bxd4 e5 12. Be3 Qxc4 13. Rc1 Qe6 14. Nd5 Nxd5 15. exd5 Qg6 16. d6 Bxd6 17. Qb3 a5 18. Rfd1 {1-0 (40) Carlsen,M (2838)-Mohammad,N (2408) chess.com INT 2017}) 8... Ne5 9. b3 $146 ({Predecessor:} 9. h3 Bc5 10. Nd2 d6 11. c3 O-O 12. Qe2 Bd7 13. Rfc1 h6 14. Kh2 Rfe8 15. a4 Ng6 {½-½ (68) Cosma,I (2458)-Gharamian,T (2581) France 2009}) 9... Bc5 10. h3 {The position is equal.} d6 11. Qe2 Bd7 12. g4 h6 13. c4 g5 14. f4 (14. Nf3 $11) 14... gxf4 15. Rxf4 Nh7 $36 {[%cal Bf6h7,Bh7f8,Bf8g6][%mdl 2080] Black has the initiative.} 16. Nd2 Nf8 17. Raf1 (17. Rd1 $11 {remains equal.}) 17... Nfg6 {Threatens to win with ...Qb6.} 18. Rf6 O-O-O (18... Qb6 $5 19. Nc2 $8 Bxe3+ 20. Nxe3 Bc6 $11) 19. Nc2 Rdg8 20. Bxc5 Qxc5+ 21. Qe3 h5 $1 22. Qxc5+ dxc5 23. gxh5 (23. Ne3 $17 {might work better.}) 23... Rxh5 $19 24. Kf2 (24. Ne1 {was necessary.}) 24... Kd8 (24... Nd3+ $142 25. Ke3 Nge5) 25. Ke2 {[#]} Nf4+ $1 {[%mdl 512]} 26. R6xf4 {And now Ne3 would win.} (26. R1xf4 Rxg2+) 26... Rxg2+ 27. R1f2 Rxf2+ 28. Rxf2 Rxh3 29. Nf3 Nxf3 30. Rxf3 {[%mdl 4096] Endgame KRB-KRN} Rh7 31. Kd3 Bc6 {Hoping for ...f5!} 32. Rg3 Rh4 33. Re3 f6 34. Ne1 Rh2 35. a4 Ke7 36. Nf3 Rh3 37. Nd2 Rh4 38. Rg3 (38. a5 {was called for.}) 38... Kf7 39. Ke3 (39. Re3 $142) 39... Rh1 (39... f5 $19 {White must now prevent ...f4+.} 40. exf5 exf5) 40. Kd3 {[#]} (40. Nf3 $17) 40... f5 $1 41. exf5 exf5 42. Rg5 (42. Nf3 {is a better defense.}) 42... Kf6 43. Rg8 Rh3+ 44. Ke2 Ke5 45. Rg7 $2 (45. Rd8) 45... Kd4 {Black is clearly winning.} 46. Rf7 Rh2+ 47. Ke1 Kc3 48. Nf1 Rh1 49. Kf2 Kxb3 50. Rxf5 Kxc4 51. Ne3+ Kb4 52. Nc2+ (52. Rf4+ $142 Kb3 53. a5) 52... Kb3 53. Ne3 c4 {[%cal Bc5c4,Bc4c3][%mdl 32]} 54. a5 c3 55. Rc5 Ra1 56. Ke2 Bb5+ (56... Ra2+ $142 57. Ke1 Bb5) 57. Kf3 Ra2 58. Nd5 c2 {...Bc4 is the strong threat.} 59. Ne3 Bd3 60. Kf4 Ra1 {Precision: White = 31%, Black = 57%.} (60... Ra4+ $142 61. Kf3 {[#]} Rxa5 $1 {[%mdl 512]}) 0-1

[Event "27th Keres Memorial 2018"]
[Site "Tallinn"]
[Date "2018.01.13"]
[Round "7"]
[White "Jezov, Roman"]
[Black "Kanep, Meelis"]
[Result "1/2-1/2"]
[WhiteElo "2323"]
[BlackElo "2487"]
[Annotator "TA"]
[PlyCount "24"]
[EventDate "2018.??.??"]
[EventType "swiss"]
[EventCountry "EST"]
[SourceTitle "playchess.com"]
[Source "ChessBase"]
[SourceQuality "1"]

{[%evp 14,24,0,-5,28,27,18,27,27,25,22,16,24]} 1. e4 c5 2. Be2 Nc6 3. f4 d5 4. d3 Nf6 5. e5 Nd7 6. Nf3 e6 7. O-O Be7 8. c4 Nb6 {B21: Sicilian: 2 f4 and Morra Gambit} 9. Be3 (9. Nc3 Nd4 10. b3 Bd7 11. Bb2 Nxe2+ 12. Qxe2 Bc6 13. Qf2 O-O 14. Kh1 Qd7 15. Ba3 Rac8 16. Rad1 {0-1 (39) Jones,G (2635)-Kempinski,R (2603) Warsaw 2011}) 9... O-O 10. Bf2 f5 $146 ({Predecessor:} 10... a5 11. Nc3 a4 12. Nb5 d4 13. Nd2 {1-0 (54) Paravyan,D (2509)-Uraev,I (2302) Moscow 2016}) 11. exf6 Bxf6 12. Nc3 Qe7 1/2-1/2

[Event "27th Keres Memorial 2018"]
[Site "Tallinn"]
[Date "2018.01.13"]
[Round "7"]
[White "Haavamäe, Henrik"]
[Black "Kantans, Toms"]
[Result "0-1"]
[WhiteElo "2133"]
[BlackElo "2531"]
[Annotator "TA"]
[PlyCount "54"]
[EventDate "2018.??.??"]
[EventType "swiss"]
[EventCountry "EST"]
[SourceTitle "playchess.com"]
[Source "ChessBase"]
[SourceQuality "1"]

{[%evp 17,54,11,72,63,156,0,0,-35,-37,-80,-87,-97,-98,-171,-170,-158,-151,-133,-47,-122,-21,-93,-24,-282,-105,-487,-489,-623,-626,-616,-616,-654,-649,-612,-587,-1131,-1119,-1121,-1108]} 1. e4 c5 2. Nf3 d6 3. d4 cxd4 4. Nxd4 Nf6 5. Nc3 a6 6. Bg5 Nbd7 7. Bc4 Qb6 {B94: Sicilian Najdorf: 6 Bg5 Nbd7} (7... Qa5 8. Qd2 e6 9. Bb3 Be7 10. O-O-O h6 11. Be3 Nc5 12. Kb1 Bd7 13. f3 Qc7 14. g4 b5 15. a3 Qb7 16. h4 a5 {1-0 (34) Nepomniachtchi,I (2732)-Korobov,A (2711) Khanty-Mansiysk 2017}) 8. Bb3 e6 9. O-O Nc5 {LiveBook: 4 Games} (9... Be7 $11 {keeps the balance.}) 10. Re1 Be7 ({Better is} 10... Bd7 $14) 11. Be3 $2 (11. Nf5 $1 $16) 11... Qc7 $146 ({Predecessor:} 11... O-O 12. f4 Qc7 13. Qf3 b5 14. f5 b4 {0-1 (14) Burridge,R (1830)-Budkin,G (2328) ICCF email 2011}) 12. Qf3 b5 {[%cal Bb7b5,Bb5b4][%mdl 32]} 13. Qg3 {Black must now prevent Nf5.} b4 $1 {[%cal Rb4c3]} 14. Na4 {Strongly threatening Nxc5.} (14. Qxg7 $2 Rg8 $19) 14... Ncxe4 15. Qxg7 (15. Qf3 $17) 15... Rg8 $19 16. Qh6 Rg6 $36 {[%mdl 2048] White is under strong pressure.} 17. Qh4 Bd7 (17... e5 $1 $17 18. Ne2 Rg4) 18. Rad1 (18. f3 $15 Nc5 19. Nxc5 dxc5 20. Nf5 (20. Bf4 $2 Qb6 $19) 20... exf5 21. Bg5) 18... Rb8 (18... Qb7 $17 19. Nf3 Bc6) 19. c3 (19. f3 $11) 19... e5 ({Black should try} 19... h6 $1 $17 20. f3 (20. Bxh6 bxc3 21. Be3 Rxb3 $17) 20... Ng4) 20. Ne2 $2 {[%mdl 8192] [#]} (20. f3 $11 {and White has nothing to worry.} exd4 21. Rxd4) 20... Qa5 $2 (20... h6 $1 $19 {[%mdl 512] has better winning chances. ...Bg4 is the strong threat.} 21. Rf1 {[#]} (21. Bxh6 $2 Ng4 $19) 21... d5 $1 {[%mdl 512]}) 21. cxb4 $2 {[%mdl 8192]} (21. f3 $17 {nothing else works.}) 21... Rxb4 {Threatens to win with ...Nc3.Black is clearly winning.} 22. Nb6 Rxb6 23. Bxb6 Qxb6 24. Nc3 Nxc3 25. bxc3 Bc6 26. g3 Ng4 {[%csl Gg4][%cal Rb6f2]} 27. Bxf7+ Kf8 {Precision: White = 14%, Black = 31%.} 0-1

[Event "27th Keres Memorial 2018"]
[Site "Tallinn"]
[Date "2018.01.14"]
[Round "8.1"]
[White "Meier, Georg"]
[Black "Chigaev, Maksim"]
[Result "1/2-1/2"]
[WhiteElo "2660"]
[BlackElo "2639"]
[Annotator "TA"]
[PlyCount "35"]
[EventDate "2018.??.??"]
[EventType "swiss"]
[EventCountry "EST"]
[SourceTitle "playchess.com"]
[Source "ChessBase"]
[SourceQuality "1"]

{[%evp 13,35,16,41,34,88,10,25,22,25,0,17,-5,18,0,0,0,0,-1,0,-10,0,-6,4,1]} 1. Nf3 g6 2. d4 Bg7 3. e4 d6 4. Bd3 Nf6 5. O-O O-O 6. Re1 Nc6 {B07: Pirc Defence: Miscellaneous Systems} 7. d5 Nb8 {LiveBook: 11 Games} 8. c4 (8. h3 Nbd7 9. c4 Nc5 10. Bc2 a5 11. Nc3 e5 12. Bg5 Qe8 13. Nb5 Qe7 14. b3 {1-0 (46) Grischuk,A (2750)-Carlsen,M (2832) chess.com INT 2017}) 8... e5 $146 ({Black should try} 8... Bg4 $14) ({Predecessor:} 8... Bg4 9. Nbd2 Na6 10. h3 Nc5 11. Bc2 Bxf3 12. Nxf3 e6 13. Bg5 h6 14. Bh4 {1-0 (37) Handke,F (2515)-Sowray,P (2307) London 2016}) 9. dxe6 (9. h3 $16) 9... Bxe6 $11 10. Nc3 Nc6 11. Nd5 h6 {The position is equal.} 12. Bf4 Ng4 13. Qd2 Nce5 14. Be2 c6 15. Nc3 Qb6 16. Nd1 g5 17. Nxe5 dxe5 18. Bg3 {Precision: White = 36%, Black = 17%.} 1/2-1/2

[Event "27th Keres Memorial 2018"]
[Site "Tallinn"]
[Date "2018.01.14"]
[Round "8.2"]
[White "Kovalenko, Igor"]
[Black "Fridman, Daniel"]
[Result "1/2-1/2"]
[WhiteElo "2713"]
[BlackElo "2671"]
[Annotator "TA"]
[PlyCount "96"]
[EventDate "2018.??.??"]
[EventType "swiss"]
[EventCountry "EST"]
[SourceTitle "playchess.com"]
[Source "ChessBase"]
[SourceQuality "1"]

{[%evp 12,96,39,18,20,11,11,10,11,6,11,9,10,4,11,9,28,26,35,10,10,5,7,3,8,8,11,1,16,6,4,10,47,44,52,43,42,41,37,31,37,39,66,31,39,39,60,31,58,42,62,48,48,25,60,41,41,41,41,41,41,31,49,20,44,10,29,29,75,63,204,215,197,0,0,0,0,0,0,0,0,0,0,0,0,0,0]} 1. e4 e5 2. Nf3 Nf6 3. Nxe5 d6 4. Nf3 Nxe4 5. d4 d5 6. Bd3 Nc6 7. Qe2 {LiveBook: 3 Partien} Qe7 {C42: Russische Verteidigung (Petrow)} (7... Bf5 8. Nbd2 Qe7 9. O-O Nd6 10. Qd1 Bxd3 11. cxd3 Qd7 12. Ne5 Nxe5 13. dxe5 Nf5 14. Nf3 Bc5 15. d4 {½-½ (49) Grischuk,A (2715)-Sakaev,K (2634) Moscow 2007}) 8. Nbd2 Nxd2 9. Bxd2 $146 ({Vorgänger:} 9. Qxe7+ Bxe7 10. Bxd2 Nb4 11. Bxb4 Bxb4+ 12. c3 Bd6 13. O-O O-O 14. Rfe1 f6 15. Re2 Bg4 16. Rae1 {½-½ (16) Anton,F-Reinhold,M Mecklenburg VP 2006}) 9... Qxe2+ 10. Bxe2 Bd6 11. c3 O-O 12. O-O h6 13. Bd3 Bg4 14. Nh4 Rfe8 15. Rfe1 Ne7 16. f4 Bd7 17. Kf2 Kf8 18. h3 c5 19. dxc5 Bxc5+ 20. Be3 Bxe3+ 21. Rxe3 Nc6 (21... d4 $5 22. cxd4 Nd5 23. Rxe8+ Rxe8 $11) 22. Rxe8+ Rxe8 23. Nf3 Be6 24. a3 Rd8 25. f5 Bc8 26. g4 Ke7 27. Bb5 Kd6 28. Rd1 a6 29. Ba4 b5 30. Bb3 Ne7 31. Kg3 Bb7 32. Kf4 g5+ 33. Kg3 Ng8 34. h4 gxh4+ 35. Kxh4 Nf6 36. Re1 Ne4 37. Bc2 Rg8 38. Re2 Rg7 39. Rg2 f6 40. Kh5 Bc8 (40... Ng5 $14 41. Nd4 (41. Kxh6 Rg8 $16) 41... Nf7) 41. Kxh6 $18 Rg8 {[#]} 42. Rg1 $2 (42. Kh7 $1 $18 {[%cal Rh7g8]} Re8 43. Kg7) 42... Ng5 $11 {Die Stellung ist ausgeglichen.} 43. Nd4 Ke7 {( -> ...Kf7)} 44. Bb3 Nf7+ 45. Kh5 $1 Rh8+ $1 46. Kg6 Rg8+ $1 47. Kh5 $1 (47. Kh7 $2 {ist ein Selbstmatt.} Kf8 48. Ne6+ Bxe6 49. fxe6 Rg7#) 47... Rh8+ 48. Kg6 Rg8+ $1 {Precision: Weiß = 54%, Schwarz = 48%.} 1/2-1/2

[Event "27th Keres Memorial 2018"]
[Site "Tallinn"]
[Date "2018.01.14"]
[Round "8.3"]
[White "Alekseev, Evgeny"]
[Black "Kovalev, Vladislav"]
[Result "1-0"]
[WhiteElo "2697"]
[BlackElo "2642"]
[Annotator "TA"]
[PlyCount "93"]
[EventDate "2018.??.??"]
[EventType "swiss"]
[EventCountry "EST"]
[SourceTitle "playchess.com"]
[Source "ChessBase"]
[SourceQuality "1"]

{[%evp 20,93,16,9,5,-14,23,19,55,25,90,39,48,0,41,0,0,0,64,64,62,78,112,115,113,115,108,97,113,87,144,144,159,175,175,181,231,245,321,317,314,306,441,458,449,458,465,461,457,440,422,429,481,447,597,544,625,538,872,858,1183,1275,1788,1752,1716,1691,4599,4629,6008,3711,29990,29991,29990,29987,29993,29994]} 1. e4 e5 2. Nf3 Nc6 3. Bb5 a6 4. Ba4 Nf6 5. d3 b5 6. Bb3 Be7 7. O-O O-O 8. Re1 d6 9. c3 Na5 10. Bc2 c5 11. h3 Re8 {C96: Closed Ruy Lopez: Chigorin Defence: 11 d4, replies other than 11...Qc7} (11... h6 12. Nbd2 Re8 13. Nf1 Bf8 14. Ng3 g6 15. d4 exd4 16. cxd4 Bg7 17. b3 Nc6 18. Be3 cxd4 19. Nxd4 Bb7 20. Qd2 Qa5 21. Nxc6 Qxd2 22. Bxd2 Bxc6 {½-½ (94) Predke,A (2601)-Kovalev,V (2636) Moscow 2017}) 12. d4 Nd7 $146 ({Predecessor:} 12... Qc7 13. Nbd2 cxd4 14. cxd4 Bd7 15. Nf1 Rac8 16. Bb1 Nc6 17. Ne3 exd4 18. Nxd4 Bf8 19. Nf3 {0-1 (36) Lajthajm,B (2511)-Savic,M (2514) Senta 2007}) 13. d5 Bf8 {The position is equal.} 14. Nbd2 g6 (14... Nb6 $11) 15. Nf1 ({Better is} 15. b4 $16) 15... Bg7 $14 16. g4 c4 17. Ng3 Nb7 18. Be3 Ndc5 (18... Nb6 $11) 19. b4 cxb3 $1 20. axb3 {[%cal Ba2b3,Bb3b4][%mdl 32]} Bd7 21. b4 Na4 22. Bxa4 bxa4 23. c4 {[%cal Bc3c4,Bc4c5,Bc5c6][%mdl 32]} Rc8 24. Rc1 Qe7 {[#]} ({Black should play} 24... a5) 25. c5 $1 $16 {[%mdl 512]} Bb5 (25... dxc5 26. bxc5) 26. c6 Nd8 27. Nd2 {[%cal Bf3d2,Bd2c4,Bc4b6,Bb6a4,Ba4c3][%mdl 32]} Bf6 28. Nc4 Bh4 29. Nb6 Rc7 30. Nxa4 f6 (30... Nxc6 $142 31. dxc6 Rxc6) 31. Nc3 $18 Bc4 32. Nb1 Bb5 33. Na3 Nf7 34. Nxb5 axb5 35. Kg2 Kh8 36. Qd3 Rg8 37. Ra1 h5 38. Ra5 Qd8 39. Bb6 {[%cal Be3b6,Bb6c7,Bc7d6,Bd6e5,Be5f4][%mdl 32]} f5 40. exf5 Qg5 41. Bxc7 hxg4 42. hxg4 Nh6 43. Bxd6 Nxg4 44. Bxe5+ Kh7 45. Ra7+ {White mates.} Kh6 46. Qf3 gxf5 47. Bf4 {Precision: White = 63%, Black = 27%.} 1-0

[Event "27th Keres Memorial 2018"]
[Site "Tallinn"]
[Date "2018.01.14"]
[Round "8.4"]
[White "Potkin, Vladimir"]
[Black "Aleksandrov, Aleksej"]
[Result "0-1"]
[WhiteElo "2650"]
[BlackElo "2567"]
[Annotator "TA"]
[PlyCount "68"]
[EventDate "2018.??.??"]
[EventType "swiss"]
[EventCountry "EST"]
[SourceTitle "playchess.com"]
[Source "ChessBase"]
[SourceQuality "1"]

{[%evp 32,68,40,33,40,34,37,45,53,45,68,37,30,0,0,-2,0,0,0,0,0,0,33,0,0,-23,0,-266,-193,-254,-248,-768,-768,-743,-735,-698,-657,-5661,-5597]} 1. c4 e6 2. Nc3 d5 3. d4 Bb4 4. e3 Nf6 5. a3 Bxc3+ 6. bxc3 c5 7. cxd5 exd5 8. Bd3 O-O 9. Ne2 b6 10. O-O Re8 11. f3 Ba6 12. Ng3 Bxd3 13. Qxd3 Nc6 14. Bb2 c4 15. Qd2 {E49: Nimzo-Indian: Rubinstein: 5 Bd3 d5 6 a3 Bxc3+ 7 bxc3} (15. Qe2 h5 16. Rae1 h4 17. Nf5 Ne7 18. Nxh4 g5 19. e4 gxh4 20. Bc1 Qd7 21. Bg5 Nh7 22. Bxh4 Ng6 {½-½ (38) Navara,D (2727)-Aleksandrov,A (2593) Wroclaw 2014}) 15... h5 {[%cal Bh7h5,Bh5h4][%mdl 32]} 16. Rae1 h4 17. Nh1 {LiveBook: 4 Games. White is slightly better.} Re6 18. Nf2 Qe7 19. Re2 {[#]} b5 $146 ({Predecessor:} 19... Re8 20. Rfe1 Nh5 21. e4 Na5 22. Bc1 Nb3 {1-0 (40) Volkov,S (2607)-Del Rio de Angelis,S (2509) Vrachati 2011}) 20. Rfe1 a5 21. e4 b4 22. axb4 axb4 23. e5 Nh5 24. f4 f5 25. Qe3 bxc3 26. Bxc3 Ra3 27. Nd1 Qa7 28. Rb2 Nf6 {White must now prevent ...Ne4.} 29. Rb5 $2 {[%mdl 8192]} (29. Nf2 $11) 29... Ng4 $19 30. Qd2 {[#]} Rxc3 $1 {[%mdl 512]} 31. Nxc3 $2 (31. Qxc3 Nxd4 32. Rb8+ Qxb8 33. Qxd4) 31... Nxd4 {( -> ...Ne2+). Black is clearly winning.} 32. Kh1 Nxb5 33. Nxb5 Qc5 34. Nd4 c3 {Precision: White = 49%, Black = 68%.} 0-1

[Event "27th Keres Memorial 2018"]
[Site "Tallinn"]
[Date "2018.01.14"]
[Round "8.5"]
[White "Lumiste, Rene"]
[Black "Stupak, Kirill"]
[Result "0-1"]
[WhiteElo "2118"]
[BlackElo "2527"]
[Annotator "TA"]
[PlyCount "108"]
[EventDate "2018.??.??"]
[EventType "swiss"]
[EventCountry "EST"]
[SourceTitle "playchess.com"]
[Source "ChessBase"]
[SourceQuality "1"]

{[%evp 9,108,32,65,11,12,10,31,-27,-19,-19,-28,-33,-19,-32,-28,-32,0,17,6,7,0,-110,-112,-108,-104,-131,-140,-133,-129,-122,-135,-124,-115,-147,-147,-188,-186,-188,-187,-191,-191,-195,-193,-257,-278,-275,-270,-260,-243,-240,0,-189,-188,-181,-171,-253,-261,-257,-259,-419,-273,-281,-237,-238,-255,-280,-274,-295,-288,-319,-322,-324,-316,-369,-341,-481,-456,-800,-789,-775,-708,-1158,-987,-1692,-1370,-1300,-1272,-1139,-1058,-1146,-1008,-4133,-4775,-6597,-5971,-29981,-29982,-29982,-29982,-29982,-29983]} 1. e4 c6 2. d4 d5 3. Nc3 a6 4. Nf3 (4. h3 dxe4 5. Nxe4 Bf5 6. Ng3 Bg6 7. c3 e6 8. N1e2 Nf6 9. Nf4 Bd6 10. h4 Qc7 11. Qf3 Nbd7 {1-0 (62) Onischuk,V (2637)-Pantsulaia,L (2612) Riadh 2017}) 4... Bg4 5. h3 Bh5 6. Bf4 {B15: Caro-Kann: 3 Nc3: 3...g6 and 3...dxe4 4 Nxe4 Nf6 5 Nxf6+ exf6} ({White should play} 6. g4 $14 Bg6 7. exd5) 6... e6 $11 7. Bd3 Nf6 $146 ({Predecessor:} 7... Bb4 8. O-O Nf6 9. e5 Nfd7 10. g4 Bg6 11. Ne2 Be7 {0-1 (42) Kupreichik,V (2455)-Stupak,K (2505) Minsk 2014}) 8. exd5 (8. O-O $14) 8... cxd5 9. g4 Bg6 10. Ne5 Bd6 11. Qd2 Nc6 12. g5 Nxd4 13. O-O-O $1 ({Much weaker is} 13. Bxg6 Bxe5 14. O-O-O Bxf4 $17) 13... Bxe5 $1 14. Bxe5 Nf3 $1 {[%csl LRd2,LRe5]} 15. Qf4 (15. Bxf6 $1 $11 gxf6 16. Qf4) 15... Nxe5 $17 16. Qxe5 {[#] And now f4 would win.} Nd7 $36 {[%mdl 2048] White is under strong pressure.} 17. Qxg7 Qxg5+ 18. Kb1 Qf6 19. Qxf6 Nxf6 20. f4 Bxd3 21. cxd3 Nh5 22. Rhf1 Ng3 23. Rg1 Nf5 24. Rg5 h6 25. Rgg1 Ke7 26. Rd2 (26. Ne2 $142) 26... Rhg8 27. Rdg2 Rxg2 28. Rxg2 $19 {[%mdl 4096] Endgame KRN-KRN} Kf6 29. Kc1 Ke7 $2 (29... Rc8 $19 30. Kd2 d4 31. Ne4+ Ke7) 30. Kd2 $2 (30. Kb1 $1 $11 {and White is okay.}) 30... Kd6 31. Ne2 Rc8 32. d4 (32. Rg4 $142) 32... Ke7 33. Kd3 Kf6 34. a3 $2 (34. Rg1 {might work better.}) 34... b5 35. Rg1 Ke7 36. Rg2 a5 {[%cal Ba6a5,Ba5a4][%mdl 32]} 37. Rg1 a4 38. Nc3 Nd6 39. Rg7 Kf6 40. Rg2 Kf5 41. Ke3 Nc4+ 42. Kf3 {[#]} (42. Kd3 $142) 42... Nxb2 $1 {[%mdl 512]} 43. Nxd5 (43. Nxb5 $142 Nc4 44. Rb2) (43. Rxb2 Rxc3+) 43... exd5 44. Rxb2 {KR-KR} Rc3+ 45. Kg2 Rb3 46. Re2 f6 47. Ra2 Kxf4 48. Rf2+ Kg5 49. h4+ Kxh4 50. Rxf6 Rxa3 51. Rxh6+ Kg4 52. Rd6 Ra2+ {Black mates.} 53. Kf1 a3 54. Rxd5 Rb2 {Precision: White = 37%, Black = 81%.} 0-1

[Event "27th Keres Memorial 2018"]
[Site "Tallinn"]
[Date "2018.01.14"]
[Round "8.6"]
[White "Turov, Maxim"]
[Black "Neiksans, Arturs"]
[Result "1/2-1/2"]
[WhiteElo "2640"]
[BlackElo "2590"]
[Annotator "TA"]
[PlyCount "65"]
[EventDate "2018.??.??"]
[EventType "swiss"]
[EventCountry "EST"]
[SourceTitle "playchess.com"]
[Source "ChessBase"]
[SourceQuality "1"]

{[%evp 20,65,0,0,6,0,0,0,0,0,0,0,0,0,0,-7,6,0,39,40,28,-23,-22,-27,-35,-37,-22,-22,-22,-22,-22,-26,-24,-29,-28,-31,-15,-22,-15,-15,-15,-15,-15,-15,-15,-15,-15,-22]} 1. g3 e5 2. Bg2 d5 {[%cal Bd7d5,Bd5d4][%mdl 32]} 3. c4 d4 4. d3 Nf6 5. Nf3 Nc6 6. O-O Bd6 7. e3 {A09: Réti Opening: 1 Nf3 d5 2 c4} O-O 8. exd4 exd4 9. Bg5 h6 10. Bxf6 Qxf6 11. Nbd2 {LiveBook: 3 Games} Qd8 $146 ({Predecessor:} 11... Bf5 12. Qb3 Rab8 13. Nh4 Bh7 14. Ne4 Qd8 {1-0 (37) Petrosian,T (2611)-Carlsen,M (2851) chess.com INT 2016}) 12. Re1 a5 13. a3 a4 14. Qc2 Ra5 15. Re2 Bf5 16. Nh4 {[#] Strongly threatening Bxc6.} Bg4 17. Re4 Bd7 18. Re2 Re5 19. Rxe5 Nxe5 20. Re1 (20. Bxb7 $142 c5 21. Nhf3) 20... b6 21. Nhf3 Nxf3+ 22. Nxf3 c5 23. Qd1 Re8 24. Nd2 g6 25. Bd5 Kg7 26. Re2 Rxe2 27. Qxe2 Qe7 (27... g5 {with more complications.} 28. Ne4 Qe7 29. Kf1 Bc7 30. Nd2 Qd6) 28. Kf1 {The position is equal.} Qxe2+ (28... Kf8 {keeps more tension.} 29. Qxe7+ Kxe7 30. Bb7 g5 31. Ba6 Kd8) 29. Kxe2 f5 30. Bb7 Kf6 31. Ba6 Ke7 32. Bb5 g5 33. Bxd7 {Precision: White = 63%, Black = 69%.} 1/2-1/2